الاب جورج شحاته قنواتى الدومنيكانى 1905- 1994/ (رقم التسجيلة. 141781)
[ عرض عادي ]
| 000 -LEADER | |
|---|---|
| fixed length control field | 01303cam a2200313 a 4500 |
| 003 - CONTROL NUMBER IDENTIFIER | |
| control field | EG-GiCUC |
| 008 - FIXED-LENGTH DATA ELEMENTS--GENERAL INFORMATION | |
| fixed length control field | 151210s1998 ua ac g 000 0 ara d |
| 017 ## - COPYRIGHT OR LEGAL DEPOSIT NUMBER | |
| Copyright or legal deposit number | 1998 / 11221 |
| Assigning agency | مصر . دار الكتب |
| 020 ## - INTERNATIONAL STANDARD BOOK NUMBER | |
| International Standard Book Number | 9771917711 |
| 040 ## - CATALOGING SOURCE | |
| Original cataloging agency | EG-GiCUC |
| Language of cataloging | ara |
| Transcribing agency | EG-GiCUC |
| 092 04 - LOCALLY ASSIGNED DEWEY CALL NUMBER (OCLC) | |
| Classification number | 279.12092 |
| Item number | A535a |
| Edition number | 21 |
| 099 ## - LOCAL FREE-TEXT CALL NUMBER (OCLC) | |
| Classification number | 04 |
| -- | 279.12092 A535a |
| 245 02 - TITLE STATEMENT | |
| Title | الاب جورج شحاته قنواتى الدومنيكانى 1905- 1994/ |
| Statement of responsibility, etc. | باشراف الاب ريجيس مورلون : هانى لبيب |
| 246 24 - VARYING FORM OF TITLE | |
| Title proper/short title | ابونا قنواتى |
| 250 ## - EDITION STATEMENT | |
| Edition statement | ط1 |
| 260 ## - PUBLICATION, DISTRIBUTION, ETC. | |
| Place of publication, distribution, etc. | القاهرة : |
| Name of publisher, distributor, etc. | معهد الدراسات الشرقية للآباء الدومنيكان : |
| Date of publication, distribution, etc. | 1998 |
| 300 ## - PHYSICAL DESCRIPTION | |
| Extent | 211:18ص : |
| Other physical details | ؛ ايض : صور |
| Dimensions | 28سم |
| 504 ## - BIBLIOGRAPHY, ETC. NOTE | |
| Bibliography, etc. note | يشتمل على ارجاعات ببليوجرافية |
| 600 10 - SUBJECT ADDED ENTRY--PERSONAL NAME | |
| Personal name | قنواتى : جورج س : |
| Dates associated with a name | 1905 - 1994 |
| 650 #7 - SUBJECT ADDED ENTRY--TOPICAL TERM | |
| Topical term or geographic name entry element | الدومنيكان (المسيحية) |
| Form subdivision | تراجم |
| Source of heading or term | qrmak |
| 700 1# - ADDED ENTRY--PERSONAL NAME | |
| Personal name | لبيب : هانى |
| 700 1# - ADDED ENTRY--PERSONAL NAME | |
| Personal name | مورلون : ريجيس |
| 710 2# - ADDED ENTRY--CORPORATE NAME | |
| Corporate name or jurisdiction name as entry element | معهد الدراسات الشرقية للآباء الدومنيكان |
| 902 ## - LOCAL DATA ELEMENT B, LDB (RLIN) | |
| No. of Items | 1 |
| 905 ## - LOCAL DATA ELEMENT E, LDE (RLIN) | |
| Cataloger | جيهان |
| Reviser | مراجع |
| 905 ## - LOCAL DATA ELEMENT E, LDE (RLIN) | |
| Cataloger | عفاف |
| Reviser | مدخل |
| 942 ## - ADDED ENTRY ELEMENTS (KOHA) | |
| Source of classification or shelving scheme | Dewey Decimal Classification |
| Koha item type | Books |
| Source of classification or shelving scheme | Not for loan | Home library | Current library | Date acquired | Full call number | Barcode | Date last seen | Copy number | Koha item type |
|---|---|---|---|---|---|---|---|---|---|
| Dewey Decimal Classification | المكتبة المركزبة الجديدة - جامعة القاهرة | قاعة المكتبات المهداة - الدور الرابع | 11.02.2024 | 279.12092 A535a I.Sh. | 01000107002066000 | 23.06.2024 | C.1 | Books |